[Event "Buenos Aires Ciudad de Nueve op 4th"]
[Site "Buenos Aires"]
[Date "2022.10.09"]
[Round "5"]
[White "Llanos, Guillermo"]
[Black "Zanovello, Ferruccio"]
[Result "1-0"]
[WhiteElo "2295"]
[BlackElo "1997"]
[PlyCount "43"]
[EventDate "2022.10.08"]
[EventType "swiss"]
[EventRounds "7"]
[EventCountry "ARG"]
[SourceTitle "EXT 2024"]
[Source "ChessBase"]
[SourceDate "2023.10.10"]
[SourceVersion "1"]
[SourceVersionDate "2023.10.10"]
[SourceQuality "1"]

1. d4 d5 2. c4 e6 3. Nc3 c6 4. e3 f5 5. Nf3 Nf6 6. h3 Bd6 7. g4 Ne4 8. gxf5 exf5 9. cxd5 Nxc3 10. bxc3 cxd5 11. Qb3 Qa5 12. Bd2 Nd7 13. c4 dxc4 14. Qxc4 Qb6 15. Ng5 Rf8 16. Nxh7 Rf7 17. Ng5 Re7 18. Qg8+ Nf8 19. Bc4 Qxd4 20. Qf7+ Kd7 21. Qxe7+ Bxe7 22. exd4 1-0

[Event "Buenos Aires Finde Largo op 2nd"]
[Site "Buenos Aires"]
[Date "2018.10.15"]
[Round "6.3"]
[White "Zanovello, Ferruccio"]
[Black "Tempone, Marcelo"]
[Result "0-1"]
[WhiteElo "2044"]
[BlackElo "2387"]
[PlyCount "72"]
[EventDate "2018.10.13"]
[EventType "swiss"]
[EventRounds "6"]
[EventCountry "ARG"]
[SourceTitle "EXT 2024"]
[Source "ChessBase"]
[SourceDate "2023.10.10"]
[SourceVersion "1"]
[SourceVersionDate "2023.10.10"]
[SourceQuality "1"]

1. b3 e5 2. Bb2 d6 3. e3 g6 4. d4 Bg7 5. dxe5 Nd7 6. Nf3 Nh6 7. c4 0-0 8. Nc3 dxe5 9. Qc2 c6 10. h4 Nc5 11. Be2 Bg4 12. Nd2 Bxe2 13. Kxe2 Ne6 14. Rad1 Qe7 15. Qc1 Rfd8 16. Ba3 Qc7 17. Nde4 f5 18. Nc5 Nxc5 19. Bxc5 e4 20. Rxd8+ Rxd8 21. Rd1 Ng4 22. Rxd8+ Qxd8 23. Qd1 Qxh4 24. g3 Qf6 25. Qd7 h5 26. Qc8+ Kh7 27. Bd4 Qe7 28. c5 Ne5 29. Qb8 Nf3 30. Bxg7 Qxg7 31. Nd1 a6 32. b4 Qf7 33. Kf1 g5 34. Kg2 h4 35. Nc3 Qg7 36. Ne2 h3+ 0-1

[Event "Daireaux U2200 2nd"]
[Site "Daireaux"]
[Date "2018.06.23"]
[Round "4.1"]
[White "Pacho, Jano"]
[Black "Zanovello, Ferruccio"]
[Result "1-0"]
[WhiteElo "1963"]
[BlackElo "1963"]
[PlyCount "103"]
[EventDate "2018.06.22"]
[EventType "swiss"]
[EventRounds "7"]
[EventCountry "ARG"]
[SourceTitle "EXT 2024"]
[Source "ChessBase"]
[SourceDate "2023.10.10"]
[SourceVersion "1"]
[SourceVersionDate "2023.10.10"]
[SourceQuality "1"]

1. e4 c5 2. Nf3 d6 3. d4 cxd4 4. Nxd4 Nf6 5. Nc3 g6 6. Be3 Bg7 7. Qd2 Ng4 8. Bg5 Nc6 9. Nxc6 bxc6 10. h3 Ne5 11. Bh6 0-0 12. Bxg7 Kxg7 13. f4 Nd7 14. 0-0-0 Qb6 15. Qd4+ Qxd4 16. Rxd4 Nc5 17. g3 Bb7 18. Bg2 a5 19. e5 d5 20. Na4 Nxa4 21. Rxa4 e6 22. c4 c5 23. Rd1 Rfd8 24. Ra3 Ra7 25. Rb3 Rd7 26. cxd5 c4 27. Rb5 exd5 28. Bxd5 Bxd5 29. Rdxd5 a4 30. Rbc5 Rxd5 31. Rxd5 a3 32. Rc5 Ra4 33. Kc2 Kf8 34. Rc7 h5 35. h4 Ke8 36. b3 cxb3+ 37. Kxb3 Ra6 38. Rc3 Ke7 39. Kb4 Ke6 40. Rxa3 Rb6+ 41. Kc5 Rb7 42. Ra6+ Kf5 43. Rf6+ Kg4 44. e6 fxe6 45. Rxg6+ Kf3 46. a4 Ra7 47. Kb5 Rb7+ 48. Ka6 Rb1 49. a5 Rb4 50. Ka7 Rb5 51. a6 e5 52. Rg5 1-0

[Event "ARG-ch Amateur U2000"]
[Site "Termas de Rio Hondo"]
[Date "2017.11.18"]
[Round "4.4"]
[White "Zanovello, Ferruccio"]
[Black "Agnello, Silvana"]
[Result "1-0"]
[WhiteElo "1949"]
[BlackElo "1899"]
[PlyCount "41"]
[EventDate "2017.11.17"]
[EventType "swiss"]
[EventRounds "9"]
[EventCountry "ARG"]
[SourceTitle "EXT 2024"]
[Source "ChessBase"]
[SourceDate "2023.10.10"]
[SourceVersion "1"]
[SourceVersionDate "2023.10.10"]
[SourceQuality "1"]

1. b3 Nf6 2. Bb2 d6 3. e3 e5 4. d4 Nc6 5. Bb5 exd4 6. Qxd4 Bd7 7. Bxc6 Bxc6 8. Nf3 Be7 9. Nc3 Qd7 10. h3 Qf5 11. 0-0-0 Bxf3 12. gxf3 Qxf3 13. e4 a6 14. e5 Nh5 15. exd6 Bxd6 16. Rhe1+ Kd7 17. Ne4 Qf4+ 18. Kb1 Rae8 19. Qd5 Rxe4 20. Rxe4 Qh6 21. Rh4 1-0